000 00717nam a2200289Ia 4500
005 20260324123450.0
008 008 260324s9999 xx 000 0 eng d
020 _a9780429492976
037 _aEBOOK
040 _aCRL
040 _beng
040 _cCRL
041 _2eng
041 _aeng
084 _qCRL
100 _aMelvin I. Urofsky
_91170413
245 0 _aSupreme Decisions, Volume 2
245 0 _bGreat Constitutional Cases and Their Impact, Volume Two: Since 1896
260 _bTaylor and Francis
260 _c2012
365 _a
365 _b230
856 _uhttp://www.taylorfrancis.com/books/9780429492976
942 _cEBOOK
999 _c1763964
_d1763964